<?xml version="1.0" encoding="UTF-8"?><?xml-stylesheet type="text/xsl" href="static/style.xsl"?><OAI-PMH xmlns="http://www.openarchives.org/OAI/2.0/" xmlns:xsi="http://www.w3.org/2001/XMLSchema-instance" xsi:schemaLocation="http://www.openarchives.org/OAI/2.0/ http://www.openarchives.org/OAI/2.0/OAI-PMH.xsd"><responseDate>2026-04-18T06:15:59Z</responseDate><request verb="GetRecord" identifier="oai:www.recercat.cat:10230/55062" metadataPrefix="marc">https://recercat.cat/oai/request</request><GetRecord><record><header><identifier>oai:recercat.cat:10230/55062</identifier><datestamp>2025-12-25T01:08:10Z</datestamp><setSpec>com_2072_6</setSpec><setSpec>col_2072_452953</setSpec></header><metadata><record xmlns="http://www.loc.gov/MARC21/slim" xmlns:dcterms="http://purl.org/dc/terms/" xmlns:xsi="http://www.w3.org/2001/XMLSchema-instance" xmlns:doc="http://www.lyncode.com/xoai" xsi:schemaLocation="http://www.loc.gov/MARC21/slim http://www.loc.gov/standards/marcxml/schema/MARC21slim.xsd">
   <leader>00925njm 22002777a 4500</leader>
   <datafield ind2=" " ind1=" " tag="042">
      <subfield code="a">dc</subfield>
   </datafield>
   <datafield ind2=" " ind1=" " tag="720">
      <subfield code="a">Codina, Lluís</subfield>
      <subfield code="e">author</subfield>
   </datafield>
   <datafield ind2=" " ind1=" " tag="720">
      <subfield code="a">Lopezosa, Carlos</subfield>
      <subfield code="e">author</subfield>
   </datafield>
   <datafield ind2=" " ind1=" " tag="260">
      <subfield code="c">2022-12-01T15:43:23Z</subfield>
   </datafield>
   <datafield ind2=" " ind1=" " tag="260">
      <subfield code="c">2022-12-01T15:43:23Z</subfield>
   </datafield>
   <datafield ind2=" " ind1=" " tag="260">
      <subfield code="c">2022-12-01</subfield>
   </datafield>
   <datafield ind2=" " ind1=" " tag="520">
      <subfield code="a">Este trabajo presenta los elementos más importantes que afectan a la redacción de artículos científicos, pero también los que determinan el éxito para su aceptación y publicación en revistas de impacto. También se ocupa de aspectos como la manera de responder a evaluaciones de tipo peer review y como difundir el artículo una vez publicado. El público previsto son los investigadores en formación y en especial los doctorandos que hayan optado por llevar a cabo una tesis por compendio de publicaciones. No obstante, cualquier investigador, junior o senior, seguramente encontrará varios elementos de interés en este trabajo. También es oportuno añadir que el principal background académico es el de las ciencias sociales en general y de los estudios de comunicación.</subfield>
   </datafield>
   <datafield ind2=" " ind1=" " tag="520">
      <subfield code="a">Este trabajo forma parte del desarrollo de metodologías dentro del proyecto &amp;quot;Parámetros y estrategias para incrementar la relevancia de los medios y la comunicación digital en la sociedad: curación, visualización y visibilidad (CUVICOM)”. PID2021-123579OB-I00 (MICINN), Ministerio de Ciencia e Innovación (España).&#xd;
Actividad financiada por la Unión Europea-NextGenerationEU, Ministerio de Universidades y Plan de Recuperación, Transformación y Resiliencia, mediante convocatoria de la Universidad Pompeu Fabra (Barcelona).</subfield>
   </datafield>
   <datafield tag="653" ind2=" " ind1=" ">
      <subfield code="a">Artículos científicos</subfield>
   </datafield>
   <datafield tag="653" ind2=" " ind1=" ">
      <subfield code="a">Artículos académico</subfield>
   </datafield>
   <datafield tag="653" ind2=" " ind1=" ">
      <subfield code="a">IMRyD</subfield>
   </datafield>
   <datafield tag="653" ind2=" " ind1=" ">
      <subfield code="a">Revistas académicas</subfield>
   </datafield>
   <datafield tag="653" ind2=" " ind1=" ">
      <subfield code="a">Revistas científicas</subfield>
   </datafield>
   <datafield tag="653" ind2=" " ind1=" ">
      <subfield code="a">Evaluación de artículos</subfield>
   </datafield>
   <datafield tag="653" ind2=" " ind1=" ">
      <subfield code="a">Peer review</subfield>
   </datafield>
   <datafield tag="653" ind2=" " ind1=" ">
      <subfield code="a">SEO académico</subfield>
   </datafield>
   <datafield ind2="0" ind1="0" tag="245">
      <subfield code="a">Escritura de artículos científicos: estructura, redacción, fases y publicación</subfield>
   </datafield>
   <datafield ind2="0" ind1="0" tag="245">
      <subfield code="a">Writing scientific papers: structure, writing, phases, and publication</subfield>
   </datafield>
</record></metadata></record></GetRecord></OAI-PMH>